Elementary classical analysis
Αποθηκεύτηκε σε:
| Κύριος συγγραφέας: | |
|---|---|
| Άλλοι συγγραφείς: | |
| Μορφή: | Βιβλίο |
| Γλώσσα: | English |
| Δημοσίευση: |
New York :
W.H. Freeman,
c1993
|
| Έκδοση: | 2nd ed. |
| Θέματα: | |
| Ετικέτες: |
Προσθήκη ετικέτας
Δεν υπάρχουν, Καταχωρήστε ετικέτα πρώτοι!
|
MARC
| LEADER | 00000nam a2200000 i 4500 | ||
|---|---|---|---|
| 001 | 1/16333 | ||
| 008 | 010126s1993 eng d | ||
| 020 | |a 0-7167-2105-8 | ||
| 035 | |l 10065736 | ||
| 040 | |a GR-MY-UA |b gre |e aacr | ||
| 041 | 0 | |a eng | |
| 082 | 0 | |a 515 | |
| 100 | 1 | |a Marsden, Jerrold E. | |
| 245 | 1 | 0 | |a Elementary classical analysis / |c Jerrold E. Marsden, Michael J. Hoffman |
| 250 | |a 2nd ed. | ||
| 260 | |a New York : |b W.H. Freeman, |c c1993 | ||
| 300 | |a xiv, 738 p.; |b ill.; |c 25 cm. | ||
| 504 | |a Includes bibliographical references and index | ||
| 650 | 0 | 0 | |a Mathematical analysis. |
| 700 | 1 | |a Hoffman, Michael J. | |
| 852 | |a INST |b SAMOS |e 20010126 |h 515 MAR |p 005300018193 |q 005300018193 |t BK |y 23 | ||
| 852 | |a INST |b SAMOS |e 20010126 |h 515 MAR |p 005300018194 |q 005300018194 |t BK |y 0 | ||
| 852 | |a INST |b SAMOS |e 20010203 |h 515 MAR |p 005300022047 |q 005300022047 |t BK |y 0 | ||
| 852 | |a INST |b SAMOS |e 20010203 |h 515 MAR |p 005300022048 |q 005300022048 |t BK |y 0 | ||
| 852 | |a INST |b SAMOS |e 20010203 |h 515 MAR |p 005300022049 |q 005300022049 |t BK |y 0 | ||
| 901 | |a BIBL3-2001-1 | ||
| 909 | |a Σ |b 081881 | ||
| 909 | |a Σ |b 081880 | ||
| 909 | |a Σ |b 081429 | ||
| 909 | |a Σ |b 081882 | ||
| 909 | |a Σ |b 081428 | ||
| 922 | |a 3ΕΛΗ |b 200011 |c ΤΣΑΕ |d ΠΑΠΑΣΩΤΗΡΙΟΥ | ||
| 970 | |a ΠΟΥΡΝΑΡΑΣ |b ΔΗΜΗΤΡΗΣ |z 2001/01/26 | ||